000
00267nam a2200109Ia 4500
008
190216s9999||||xx |||||||||||||| ||und||
100
_a
Batli Boi
245
0
_a
Test Problems In Cost Accounting And Factory Organisation
260
_b
Null
300
_a
400p
942
_c
BK
999
_c
4450
_d
4450